header

The happy burden of history (Record no. 124380)

MARC details
000 -LEADER
fixed length control field 01886nam a2200445 a 4500
082 04 - DEWEY DECIMAL CLASSIFICATION NUMBER
Classification number 943.086072
100 1# - MAIN ENTRY--AUTHOR NAME
Personal name Bergerson, Andrew Stuart.
245 14 - TITLE STATEMENT
Title The happy burden of history
260 ## - PUBLICATION, DISTRIBUTION, ETC. (IMPRINT)
Place of publication Berlin ;
-- New York :
Name of publisher De Gruyter,
Year of publication c2011.
300 ## - PHYSICAL DESCRIPTION
Number of Pages xv, 247 p. :
Other physical details ill.
490 1# - SERIES STATEMENT
Series statement Interdisciplinary German cultural studies,
650 #0 - SUBJECT ADDED ENTRY--TOPICAL TERM
Topical Term National socialism
Topical Term Genocide
Topical Term Impunity
Topical Term Collective memory
Topical Term Self
Topical Term Responsibility
Topical Term Social change
856 40 - ELECTRONIC LOCATION AND ACCESS
Uniform Resource Identifier http://site.ebrary.com/lib/rucke/Doc?id=10486512

No items available.

© 2026 Rongo University
Contact us: librarian | system librarian | Rongo university